| 000 | 00532nam a2200193Ia 4500 | ||
|---|---|---|---|
| 003 | GCL | ||
| 008 | 140319s9999 xx 000 0 eng d | ||
| 040 |
_aGCL / _cGCL |
||
| 082 | 0 | 4 |
_a627.52 _bG I |
| 100 | 1 | _aGARG, SANTOSH | |
| 245 | 1 | 0 |
_aIRRIGATION ENGINEERING AND HYDRAULIC STRUCTURES / _cGARG, SANTOSH |
| 700 | 1 | _aKUMAR | |
| 260 |
_a[S.N] : _bKHANNA PUBLISHERS ، _c1993 |
||
| 300 | _a1400\P | ||
| 650 | 0 | 4 | _aAGRICULTURAL ENGINEERING |
| 650 | 0 | 4 | _aHYDRAULICC EQUIPMENT |
| 650 | 0 | 4 | _aIRRIGATION ENGINEERING |
| 942 |
_2ddc _cBK |
||
| 999 |
_c20163 _d20163 |
||